| 000 | 00474cam a2200193ua 4500 | ||
|---|---|---|---|
| 020 | _c5.00 | ||
| 041 |
_aeng _h |
||
| 082 |
_a338.90941 _bOOM/EC |
||
| 100 | _aOommen, M A . | ||
| 245 |
_aEconomic development of UK,USA and USSR / _cM A Oommen. _hTextual Documents |
||
| 250 |
_a1 / _b. |
||
| 260 |
_aMadras : _bS Viswanathan , _c1959. |
||
| 300 | _a136 ; . | ||
| 365 | _a5.00 | ||
| 504 | _a | ||
| 700 | 1 | _aBrightsingh, D . | |
| 942 | _cBK | ||
| 999 |
_c2083 _d2083 |
||